[Event "Izmir-ch"]
[Site "Izmir"]
[Date "2002.03.10"]
[Round "5.11"]
[White "Ilhan, Abdullah"]
[Black "Ozkan, Goker"]
[Result "1-0"]
[WhiteElo "1851"]
[BlackElo "1589"]
[PlyCount "61"]
[EventDate "2002.03.??"]
[EventType "swiss"]
[EventRounds "9"]
[EventCountry "TUR"]
[SourceTitle "EXT 2004"]
[Source "ChessBase"]
[SourceDate "2003.11.25"]
[SourceVersion "1"]
[SourceVersionDate "2003.11.25"]
[SourceQuality "1"]

1. c4 c6 2. Nc3 d5 3. d4 e6 4. Nf3 Nf6 5. e3 Nbd7 6. Bd3 Bd6 7. 0-0 e5 8. dxe5 Nxe5 9. Nxe5 Bxe5 10. h3 Be6 11. Qe2 0-0 12. Rd1 Qc8 13. cxd5 Nxd5 14. Nxd5 Bxd5 15. f4 Bc7 16. e4 Re8 17. Qf3 Bb6+ 18. Kh1 Be6 19. Bd2 f6 20. Bc3 Bf7 21. Rf1 Bc7 22. Rae1 Bxa2 23. e5 Bd5 24. Qh5 h6 25. Bg6 Re7 26. exf6 Rxe1 27. f7+ Bxf7 28. Bxf7+ Kf8 29. Rxe1 Qd7 30. Bxg7+ Kxg7 31. Qg6+ 1-0

[Event "Izmir-ch"]
[Site "Izmir"]
[Date "2002.03.09"]
[Round "4.14"]
[White "Ozkan, Goker"]
[Black "Pekin, Tolgay"]
[Result "1/2-1/2"]
[WhiteElo "1589"]
[BlackElo "1657"]
[PlyCount "37"]
[EventDate "2002.03.??"]
[EventType "swiss"]
[EventRounds "9"]
[EventCountry "TUR"]
[SourceTitle "EXT 2004"]
[Source "ChessBase"]
[SourceDate "2003.11.25"]
[SourceVersion "1"]
[SourceVersionDate "2003.11.25"]
[SourceQuality "1"]

1. e4 c5 2. Nf3 Nc6 3. Bb5 g6 4. 0-0 Bg7 5. c3 Nf6 6. Re1 0-0 7. d4 cxd4 8. cxd4 d5 9. e5 Ne4 10. Nc3 Nxc3 11. bxc3 Qa5 12. Bxc6 bxc6 13. Qb3 Bg4 14. Nh4 e6 15. h3 Qd8 16. Ba3 Re8 17. Nxg6 fxg6 18. hxg4 Bf8 19. g3 1/2-1/2

[Event "Izmir-ch"]
[Site "Izmir"]
[Date "2002.03.08"]
[Round "3.16"]
[White "Yildiz, Huseyin Ertugrul"]
[Black "Ozkan, Goker"]
[Result "0-1"]
[WhiteElo "1453"]
[BlackElo "1589"]
[PlyCount "100"]
[EventDate "2002.03.??"]
[EventType "swiss"]
[EventRounds "9"]
[EventCountry "TUR"]
[SourceTitle "EXT 2004"]
[Source "ChessBase"]
[SourceDate "2003.11.25"]
[SourceVersion "1"]
[SourceVersionDate "2003.11.25"]
[SourceQuality "1"]

1. e4 e5 2. Nc3 Nf6 3. f4 Bb4 4. fxe5 Bxc3 5. exf6 Bxf6 6. Nf3 d6 7. Bc4 Bg4 8. 0-0 0-0 9. c3 a6 10. a3 b5 11. Ba2 Nd7 12. d4 Nb6 13. Qd3 c5 14. Bb1 c4 15. Qc2 g6 16. h3 Bc8 17. Bf4 Bg7 18. Qf2 f5 19. e5 dxe5 20. Bxe5 Bb7 21. Bxg7 Kxg7 22. Ne5 Nd7 23. Qf4 Nxe5 24. Qxe5+ Qf6 25. Bc2 Rae8 26. Qxf6+ Rxf6 27. Rad1 Re2 28. Rf2 Rfe6 29. Kf1 Rxf2+ 30. Kxf2 Bxg2 31. Bxf5 gxf5 32. Rg1 Kf6 33. Rxg2 f4 34. h4 Kf5 35. Rg5+ Ke4 36. h5 Kd3 37. Re5 Rd6 38. Kf3 Kc2 39. Re2+ Kd3 40. Re7 Rh6 41. Re5 Kc2 42. Kxf4 Kxb2 43. d5 Kxc3 44. Re6 Rxh5 45. d6 Rd5 46. Ke4 Rd1 47. Rh6 Kb2 48. Ke5 c3 49. d7 Rxd7 50. Rxa6 c2 0-1